Cyclisme : Michal Kwiatkowski Victoires WT - Statistiques

Statistiques générales
  • Ce quiz a été pris 72 fois
  • Le résultat moyen est 10 sur 15
Statistiques - réponses
Années Équipe Indice Réponse % Correct
2020 INEOS Grenadiers Étape Tour de France
94%
2023 INEOS Grenadiers Étape Tour de France
94%
2015 Etixx - Quick Step Classique Amstel Gold Race
74%
2022 INEOS Grenadiers Classique Amstel Gold Race
74%
2015 Etixx - Quick Step Prologue Paris-Nice
74%
2018 Team Sky Étape Tour de Pologne
74%
2018 Team Sky Étape Tour de Pologne
74%
2018 Team Sky Course par étapes Tour de Pologne
74%
2017 Team Sky Classique Milan San Remo
68%
2017 Team Sky Classique Strade Bianche
62%
2018 Team Sky Courses par étapes Tirreno Adriatico
54%
2014 Omega Pharma - Quick Step Prologue Tour de Romandie
54%
2018 Team Sky Prologue Critérium du Dauphiné
50%
2016 Team Sky Classique E3 Harelbeke
42%
2017 Team Sky Classique Clásica Ciclista San Sebastian
36%
Aucun quiz correspondant
Distribution des résultats
% des personnes avec chaque résultat
Percentile par nombre de réponses
Votre historique - résultats
Vous n’avez pas pris ce quiz